[Event "Troy (US Am N/5/42)"]
[Site "?"]
[Date "1995.??.??"]
[Round "?"]
[White "Butler, G."]
[Black "Chia, L."]
[Result "0-1"]
[WhiteElo "1605"]
[BlackElo "1605"]
[PlyCount "76"]
[EventDate "1995.??.??"]

{5/(42)} 1. e4 c5 2. Nf3 Nc6 3. Nc3 e6 4. Bc4 Qc7 5. d3 Nf6 6. Bg5 Ng4 7. Qd2
h6 8. Bf4 Bd6 9. g3 Bxf4 10. gxf4 O-O 11. O-O-O Rb8 12. Rhg1 h5 13. h3 Nd4 14.
Nxd4 cxd4 15. hxg4 dxc3 16. Qxc3 Qxf4+ 17. Qd2 Qe5 18. gxh5 Qxh5 19. Qc3 f6 20.
Rh1 Qg5+ 21. Qd2 Qe5 22. Rdg1 f5 23. Qh6 Kf7 24. Qh5+ Ke7 25. Qg5+ Rf6 26.
Qxg7+ Kd6 27. Rg6 Qf4+ 28. Kb1 Qf3 29. Rhg1 Rxg6 30. Qxg6 b5 31. Bb3 fxe4 32.
dxe4 Qxf2 33. Rd1+ Kc7 34. a3 a5 35. Qg7 Rb6 36. Qe5+ Kb7 37. Rd6 a4 38. Qc5
Qxc5 0-1

[Event "Troy (US Am N/3/39)"]
[Site "?"]
[Date "1995.??.??"]
[Round "?"]
[White "Brumley, Ron"]
[Black "Smeckert, Dennis"]
[Result "1-0"]
[WhiteElo "1605"]
[BlackElo "1605"]
[PlyCount "48"]
[EventDate "1995.??.??"]

{3/(39)} 1. Nf3 Nc6 2. g3 e5 3. d3 d6 4. Bg2 h6 5. O-O Be6 6. e4 Qd7 7. Be3 Be7
8. Nbd2 g5 9. d4 exd4 10. Nxd4 Nxd4 11. Bxd4 Bf6 12. Nb3 h5 13. e5 dxe5 14. Bc3
O-O-O 15. Nc5 Qxd1 16. Rfxd1 c6 17. Rxd8+ Bxd8 18. Nxe6 fxe6 19. Bxe5 Rh6 20.
f3 Ne7 21. Bh3 Nd5 22. c4 Bb6+ 23. Kh1 Ne7 24. Rc1 h4 {[Remainder illegible;
1-0, 45?]} 1-0

[Event "Troy (US Am N/4/34)"]
[Site "?"]
[Date "1995.??.??"]
[Round "?"]
[White "Brumley, Ron"]
[Black "Nowicki, B."]
[Result "0-1"]
[WhiteElo "1605"]
[BlackElo "1605"]
[PlyCount "122"]
[EventDate "1995.??.??"]

{4/(34)} 1. Nf3 d5 2. d3 Nc6 3. Nbd2 Nf6 4. e4 Bg4 5. Be2 dxe4 6. dxe4 e5 7. h3
Bh5 8. O-O Bg6 9. Bb5 Bd6 10. Nc4 Nxe4 11. Nfxe5 Bxe5 12. Nxe5 Qxd1 13. Rxd1
Nd6 14. Nxg6 hxg6 15. Re1+ Kf8 16. Ba4 Re8 17. Bd2 a6 18. Bc3 f6 19. Rxe8+ Kxe8
20. Rd1 b5 21. Bb3 Kd7 22. a4 b4 23. Bd2 a5 24. c3 Kc8 25. cxb4 Nxb4 26. Re1
Re8 27. Kf1 Rxe1+ 28. Bxe1 Nd3 29. Bxa5 Nxb2 30. Bb4 Kb7 31. a5 Ka6 32. g4 Nbc4
33. f4 Nxa5 34. Bc2 Kb5 35. Bxd6 cxd6 36. Bxg6 d5 37. Kf2 d4 38. Ke2 Kc5 39.
Kd3 Nc4 40. g5 fxg5 41. fxg5 Ne5+ 42. Ke2 Nxg6 43. Kd3 Nf4+ 44. Kc2 Nxh3 45. g6
Nf4 46. Kd2 Nxg6 47. Kd3 Nf4+ 48. Kd2 Kc4 49. Kc2 d3+ 50. Kd2 Kd4 51. Ke1 Kc3
52. Kd1 Ne2 53. Ke1 Kc2 54. Kf2 d2 55. Kxe2 d1=Q+ 56. Ke3 Qd3+ 57. Kf4 Qd2+ 58.
Kf3 g5 59. Ke4 Qf4+ 60. Kd5 g4 61. Kc6 g3 0-1

[Event "Lansing (Mini-Swiss.3/2)"]
[Site "?"]
[Date "1995.??.??"]
[Round "?"]
[White "Brumley, Ron"]
[Black "Krzyston, Joe"]
[Result "1-0"]
[WhiteElo "1605"]
[BlackElo "1605"]
[PlyCount "87"]
[EventDate "1995.??.??"]

{3/(2)} 1. e4 g5 2. b3 Bg7 3. d4 d5 4. e5 e6 5. Bb5+ c6 6. Bd3 a6 7. Bd2 b5 8.
h3 Nd7 9. Nc3 c5 10. dxc5 Nxc5 11. Qe2 Bb7 12. Bxb5+ axb5 13. Qxb5+ Nd7 14.
Qxb7 Rb8 15. Qa7 Bxe5 16. Qe3 Bf4 17. Qd4 Ngf6 18. Bxf4 Rg8 19. Bxb8 Qxb8 20.
O-O-O g4 21. h4 g3 22. Nf3 Rg4 23. Qe3 Qa8 24. a4 d4 25. Rxd4 Rxd4 26. Qxd4
gxf2 27. Qxf2 Ng4 28. Qd4 Ngf6 29. Rd1 Qb8 30. Ne4 Qf4+ 31. Ned2 Qxd4 32. Nxd4
Ng4 33. Nc4 Ne3 34. Nxe3 Nc5 35. a5 Kd7 36. Nb5+ Kc6 37. c4 Nxb3+ 38. Kc2 Nxa5
39. Ra1 Kb6 40. Rxa5 Kxa5 41. Kc3 h5 42. g4 hxg4 43. Nxg4 Kb6 44. h5 1-0

[Event "Grand Rapids (MI Am/5/34)"]
[Site "?"]
[Date "1995.??.??"]
[Round "?"]
[White "Brumley, Ron"]
[Black "Husak, J."]
[Result "0-1"]
[WhiteElo "1605"]
[BlackElo "1605"]
[PlyCount "120"]
[EventDate "1995.??.??"]

{5/(34)} 1. e4 d5 2. exd5 Qxd5 3. Nc3 Qd8 4. d4 Nf6 5. Bg5 Nd5 6. Qf3 Nxc3 7.
Qxc3 Nc6 8. Nf3 Bg4 9. Rd1 f6 10. Bf4 e6 11. Bb5 Qd5 12. Bxc6+ Qxc6 13. Qxc6+
bxc6 14. Bxc7 Be7 15. Rd3 Bf5 16. Re3 Rc8 17. Ba5 c5 18. Rc3 O-O 19. dxc5 Rxc5
20. Rxc5 Bxc5 21. O-O Rc8 22. b4 Bb6 23. Bxb6 axb6 24. Nd4 g6 25. Nxf5 gxf5 26.
Rc1 b5 27. Kf1 Ra8 28. Ra1 e5 29. c3 e4 30. Ke2 Ra3 31. Kd2 f4 32. Kc2 Kg7 33.
Kb2 Ra7 34. Rd1 f5 35. Rd5 e3 36. fxe3 fxe3 37. Re5 f4 38. Re4 Rd7 39. Kc2 Rd2+
40. Kc1 Rxg2 41. Rxf4 Rxa2 42. h3 e2 43. Re4 Ra1+ 44. Kd2 Ra2+ 45. Ke1 Rc2 46.
Re3 Kg6 47. Rd3 h5 48. h4 Kf5 49. Rd5+ Kg4 50. Rxb5 Rxc3 51. Rc5 Rb3 52. Rc4+
Kf3 53. Rc5 Rb1+ 54. Kd2 e1=Q+ 55. Kd3 Rxb4 56. Rxh5 Qe3+ 57. Kc2 Qb3+ 58. Kd2
Ra4 59. Rf5+ Kg4 60. Rg5+ Kxh4 0-1

[Event "Lansing (Mini-Swiss.3/1)"]
[Site "?"]
[Date "1995.??.??"]
[Round "?"]
[White "Brumley, Ron"]
[Black "Higgins, Richard"]
[Result "1-0"]
[WhiteElo "1605"]
[BlackElo "1605"]
[PlyCount "65"]
[EventDate "1995.??.??"]

{3/(1)} 1. e4 e6 2. d4 d5 3. e5 c5 4. c3 Nc6 5. Nf3 Be7 6. Bd3 Qb6 7. O-O cxd4
8. cxd4 Nxd4 9. Nxd4 Bd7 10. Nf3 f6 11. Nc3 fxe5 12. Nxe5 Nf6 13. Nxd7 Nxd7 14.
Qc2 Nf6 15. Re1 O-O 16. Bf5 Ne4 17. Bxe4 dxe4 18. Rxe4 Bc5 19. Be3 Bxe3 20.
Rxe3 Rf6 21. Rae1 Raf8 22. R1e2 Rxf2 23. Rxf2 Qxe3 24. Qe2 Qc1+ 25. Nd1 Rxf2
26. Kxf2 Qf4+ 27. Kg1 Qd4+ 28. Nf2 Kf7 29. Qf3+ Kg6 30. Qxb7 Kh6 31. Qb3 g6 32.
Qh3+ Kg7 33. Qc3 1-0

[Event "Lansing (Mini-Swiss.3/2)"]
[Site "?"]
[Date "1995.??.??"]
[Round "?"]
[White "Brumley, Ron"]
[Black "Gutierrez, M."]
[Result "1-0"]
[WhiteElo "1605"]
[BlackElo "1605"]
[PlyCount "97"]
[EventDate "1995.??.??"]

{3/(2)} 1. e4 e5 2. Nf3 d6 3. Bc4 Nf6 4. d3 Be7 5. O-O O-O 6. h3 c6 7. Re1 a5
8. c3 b5 9. Bb3 a4 10. Bc2 c5 11. Bg5 h6 12. Be3 Bb7 13. Nbd2 d5 14. exd5 Nxd5
15. Ne4 Nxe3 16. Rxe3 Bxe4 17. dxe4 Qxd1+ 18. Rxd1 f6 19. a3 Nc6 20. Nh4 f5 21.
Ng6 f4 22. Nxe7+ Nxe7 23. Red3 g5 24. Rd7 Rf7 25. Rd8+ Rf8 26. Rxa8 Rxa8 27.
Rd7 Kf7 28. Rc7 c4 29. Rc5 Rb8 30. Rxe5 Kf6 31. Rc5 Rb6 32. f3 Nc6 33. Rf5+ Ke6
34. h4 Ne5 35. hxg5 hxg5 36. Rxg5 Kf6 37. Rf5+ Ke6 38. Rxf4 Nd3 39. Bxd3 cxd3
40. Kf2 d2 41. Ke2 Rd6 42. Kd1 Ke5 43. Rf5+ Ke6 44. Rxb5 Kf6 45. Rd5 Rxd5 46.
exd5 Ke5 47. c4 Kd4 48. Kxd2 Kxc4 49. d6 1-0

[Event "Grand Rapids (MI Am/1/28)"]
[Site "?"]
[Date "1995.??.??"]
[Round "?"]
[White "Brumley, Ron"]
[Black "Grzegorczyk, Ron"]
[Result "1-0"]
[WhiteElo "1605"]
[BlackElo "1605"]
[PlyCount "81"]
[EventDate "1995.??.??"]

{1/(28)} 1. d4 d5 2. Nf3 g6 3. b3 Bg7 4. Bb2 Nf6 5. Nbd2 O-O 6. e3 Bg4 7. Be2
Nc6 8. O-O Nd7 9. Qe1 Bf5 10. Bb5 Bxc2 11. Qc1 Nb4 12. Ba3 Bd3 13. Bxd3 Nxd3
14. Qc2 Nf4 15. exf4 Re8 16. Rac1 c6 17. Ne5 f6 18. Nxd7 Qxd7 19. Rfe1 f5 20.
Nf3 e6 21. Ne5 Qc7 22. Re3 Bh6 23. g3 g5 24. Rf3 Qg7 25. fxg5 Bxg5 26. Re1 h5
27. Bc1 Bf6 28. h3 Kh8 29. g4 Rg8 30. Kf1 hxg4 31. hxg4 fxg4 32. Nxg4 Qxg4 33.
Rxf6 Qg2+ 34. Ke2 Qg4+ 35. Rf3 Qh5 36. Qd2 Rg6 37. Qf4 Rag8 38. Kd3 Qh7 39. Kc3
c5 40. Ree3 Qg7 41. Rh3+ 1-0

[Event "Grand Rapids (MI Am/2/20)"]
[Site "?"]
[Date "1995.??.??"]
[Round "?"]
[White "Brumley, Ron"]
[Black "Foote, Greg"]
[Result "0-1"]
[WhiteElo "1605"]
[BlackElo "1725"]
[PlyCount "106"]
[EventDate "1995.??.??"]

{2/(20)} 1. d4 Nf6 2. Nf3 g6 3. b3 Bg7 4. Bb2 O-O 5. Nbd2 d5 6. e3 b6 7. g3 Bg4
8. Bg2 Ne4 9. h3 Bd7 10. Nxe4 dxe4 11. Ne5 f5 12. O-O Nc6 13. f3 Nxe5 14. dxe5
Bc6 15. Ba3 Qxd1 16. Raxd1 Bxe5 17. Bxe7 Rfe8 18. Bh4 h6 19. g4 g5 20. Be1 exf3
21. Bxf3 Bxf3 22. Rxf3 fxg4 23. hxg4 Rad8 24. Rxd8 Rxd8 25. e4 Rd4 26. Re3 Rd1
27. Kf2 Bd4 28. Ke2 Rxe1+ 29. Kxe1 Bxe3 30. Ke2 Bf4 31. Kd3 Kf7 32. c4 c5 33.
a3 a5 34. Kc3 Ke6 35. Kd3 Ke5 36. a4 Bc1 37. Kc2 Be3 38. Kd3 Bd4 39. Ke2 Kxe4
40. Kf1 Kf3 41. Ke1 Kxg4 42. Ke2 Kf4 43. Kf1 Kf3 44. b4 axb4 45. a5 bxa5 46.
Ke1 g4 47. Kd2 g3 48. Kc2 a4 49. Kb1 g2 50. Ka2 Bc3 51. Kb1 g1=Q+ 52. Kc2 Qf2+
53. Kd3 Qd2# 0-1

[Event "Troy (US Am N/1/36)"]
[Site "?"]
[Date "1995.??.??"]
[Round "?"]
[White "Brumley, Ron"]
[Black "Bostic, Donald"]
[Result "0-1"]
[WhiteElo "1605"]
[BlackElo "1740"]
[PlyCount "74"]
[EventDate "1995.??.??"]

{1/(36)} 1. Nf3 c5 2. g3 Nc6 3. Bg2 g6 4. O-O Bg7 5. e4 Nf6 6. e5 Ng4 7. d4
cxd4 8. Nxd4 Ngxe5 9. Kh1 Nxd4 10. Qxd4 O-O 11. Bg5 Nf3 12. Qe3 Nxg5 13. Qxg5
Bxb2 14. Nd2 Bxa1 15. Rxa1 e6 16. Qf4 d5 17. Qh6 Qf6 18. Rf1 Bd7 19. Nf3 Rac8
20. Ng5 Qg7 21. Qxg7+ Kxg7 22. Rc1 Rc3 23. Nf3 Rfc8 24. Ne1 Ba4 25. Rb1 b6 26.
Nd3 Bxc2 27. Re1 Bxd3 28. Re3 Rc1+ 29. Bf1 Bxf1 30. h4 d4 31. Rf3 Be2+ 32. Kg2
Bxf3+ 33. Kxf3 d3 34. Kg2 d2 35. a4 d1=Q 36. f4 Qf1+ 37. Kh2 R8c2# 0-1

[Event "East Lansing (MOR/7/18)"]
[Site "?"]
[Date "1995.??.??"]
[Round "?"]
[White "Brown, Ralph"]
[Black "Stacey, William"]
[Result "1-0"]
[WhiteElo "1650"]
[BlackElo "1605"]
[PlyCount "61"]
[EventDate "1995.??.??"]

{7/(18)} 1. d4 Nf6 2. c4 e6 3. Nc3 Bb4 4. Bd2 b6 5. e3 Bb7 6. Nge2 O-O 7. a3
Bxc3 8. Nxc3 d5 9. f3 Nbd7 10. Qc2 e5 11. cxd5 exd4 12. Nb5 Nxd5 13. Nxd4 Re8
14. e4 f5 15. Nxf5 N5f6 16. Bc4+ Kh8 17. O-O Nc5 18. Qc3 Qd7 19. Bh6 Rg8 20.
Rad1 Qc6 21. Bd5 Ncxe4 22. Qxc6 Bxc6 23. Bxc6 Nd6 24. Nxd6 gxh6 25. Bxa8 Rxa8
26. Nf5 Rf8 27. Nxh6 c6 28. Rd6 c5 29. Re1 Nh5 30. Re7 Nf4 31. Rdd7 1-0

[Event "Grand Rapids (MI Am/5/7)"]
[Site "?"]
[Date "1995.??.??"]
[Round "?"]
[White "Brown, Ralph"]
[Black "Semerciyan, Mike"]
[Result "1/2-1/2"]
[WhiteElo "1650"]
[BlackElo "1900"]
[PlyCount "55"]
[EventDate "1995.??.??"]

{5/(7)} 1. d4 Nf6 2. c4 g6 3. Nc3 Bg7 4. Nf3 O-O 5. Bg5 d6 6. Qd2 c6 7. Rd1 Bg4
8. h3 Bxf3 9. gxf3 Nbd7 10. Bh6 Qb6 11. Bxg7 Kxg7 12. h4 e5 13. b3 Qb4 14. Nb1
a5 15. e3 exd4 16. exd4 Rfe8+ 17. Be2 Nh5 18. Qc3 Ndf6 19. Kd2 Nf4 20. Bd3 Nxd3
21. Kxd3 Qxc3+ 22. Nxc3 d5 23. cxd5 Nxd5 24. Nxd5 cxd5 25. Rc1 a4 26. b4 Re7
27. Rc5 Rd7 28. Re1 1/2-1/2

[Event "East Lansing (MOR/5/23)"]
[Site "?"]
[Date "1995.??.??"]
[Round "?"]
[White "Brown, Ralph"]
[Black "Repas, B."]
[Result "1/2-1/2"]
[WhiteElo "1650"]
[BlackElo "1605"]
[PlyCount "91"]
[EventDate "1995.??.??"]

{5/(23)} 1. d4 d5 2. c4 e6 3. Nf3 Nf6 4. Nc3 c6 5. Bg5 Nbd7 6. e3 Qa5 7. Qa4
Qxa4 8. Nxa4 Bb4+ 9. Nc3 Ne4 10. Rc1 Nxg5 11. Nxg5 O-O 12. a3 Be7 13. Nf3 a6
14. c5 f6 15. Na4 Bd8 16. Bd3 Re8 17. O-O e5 18. Bf5 e4 19. Nd2 Nf8 20. Bxc8
Rxc8 21. b4 Nd7 22. Nb3 b5 23. cxb6 Nxb6 24. Nxb6 Bxb6 25. Nc5 Bxc5 26. Rxc5
Rc7 27. Rfc1 Rec8 28. Kf1 Kf7 29. Ra5 Ra8 30. b5 Ke7 31. bxc6 Kd6 32. Rac5 Rac8
33. f3 f5 34. fxe4 fxe4 35. Ke2 Rxc6 36. Rxc6+ Rxc6 37. Rxc6+ Kxc6 38. Kd2 Kb5
39. Kc3 h5 40. Kb3 g5 41. g3 a5 42. h3 a4+ 43. Kc3 Ka5 44. Kb2 Kb5 45. Kc3 h4
46. g4 1/2-1/2

[Event "East Lansing (MOR/2/27)"]
[Site "?"]
[Date "1995.??.??"]
[Round "?"]
[White "Brown, Ralph"]
[Black "Gregg, Ted"]
[Result "1-0"]
[WhiteElo "1650"]
[BlackElo "1605"]
[PlyCount "31"]
[EventDate "1995.??.??"]

{2/(27)} 1. d4 d5 2. c4 e6 3. Nf3 Nf6 4. Nc3 Nbd7 5. a3 c6 6. e3 Bd6 7. Bd3 O-O
8. Qc2 b6 9. Ng5 g6 10. h4 Nh5 11. e4 dxc4 12. Bxc4 b5 13. Be2 Ng7 14. h5 e5
15. hxg6 fxg6 16. Qb3+ 1-0

[Event "Grand Rapids (MI Am/1/24)"]
[Site "?"]
[Date "1995.??.??"]
[Round "?"]
[White "Brown, Ralph"]
[Black "Arenson, Kevin"]
[Result "1-0"]
[WhiteElo "1650"]
[BlackElo "1605"]
[PlyCount "119"]
[EventDate "1995.??.??"]

{1/(24)} 1. d4 d5 2. c4 e6 3. e3 Nf6 4. a3 b6 5. Nc3 Bb7 6. Nf3 Nbd7 7. Bd3 Be7
8. O-O O-O 9. Qc2 dxc4 10. Bxc4 Bxf3 11. gxf3 c6 12. e4 b5 13. Bd3 Nb6 14. Be3
Qc7 15. Nxb5 Qb7 16. Nc3 Rac8 17. Qe2 Rcd8 18. Ba6 Qb8 19. b4 e5 20. Rad1 Rd7
21. Rd2 Rfd8 22. Rfd1 Nh5 23. Bc4 Nxc4 24. Qxc4 Nf4 25. Bxf4 exf4 26. Na4 Qb5
27. Qxb5 cxb5 28. Nc3 a6 29. Nd5 Bh4 30. Rc2 f5 31. Rc6 Rd6 32. Rxd6 Rxd6 33.
Rc1 fxe4 34. fxe4 f3 35. Rc3 Re6 36. e5 Rg6+ 37. Kf1 Rg2 38. Rxf3 Rxh2 39. Kg1
Rxf2 40. Rxf2 Bxf2+ 41. Kxf2 Kf7 42. Nc7 h5 43. Nxa6 h4 44. d5 g5 45. Nc5 g4
46. d6 h3 47. Kg3 Ke8 48. e6 Kd8 49. a4 bxa4 50. Nxa4 Ke8 51. b5 Kf8 52. b6 Kg7
53. b7 Kf6 54. e7 Kf5 55. e8=Q h2 56. Qh5+ Ke4 57. d7 Ke3 58. d8=Q Ke2 59.
Qxg4+ Ke3 60. Qf3# 1-0

[Event "Grand Rapids (MI Am/1/13)"]
[Site "?"]
[Date "1995.??.??"]
[Round "?"]
[White "Brown, Dan"]
[Black "Mitchell, Dave"]
[Result "1-0"]
[WhiteElo "1845"]
[BlackElo "1605"]
[PlyCount "36"]
[EventDate "1995.??.??"]

{1/(13)} 1. d4 Nf6 2. c4 d5 3. Nc3 Nc6 4. Nf3 g6 5. h3 Bg7 6. Bg5 e6 7. e3 O-O
8. a3 b6 9. cxd5 exd5 10. Bb5 Bb7 11. Ne5 Qe8 12. Qa4 Qe6 13. Bxc6 Bxc6 14.
Qxc6 Qxc6 15. Nxc6 Rfe8 16. Bxf6 Bxf6 17. Nxd5 Bd8 18. Nxd8 Raxd8 1-0

[Event "Grand Rapids (MI Am/3/8)"]
[Site "?"]
[Date "1995.??.??"]
[Round "?"]
[White "Brown, Dan"]
[Black "McFolley, John"]
[Result "1-0"]
[WhiteElo "1845"]
[BlackElo "1605"]
[PlyCount "61"]
[EventDate "1995.??.??"]

{3/(8)} 1. d4 Nf6 2. c4 e6 3. Nc3 b6 4. e4 Bb7 5. f3 d6 6. Bd3 Nbd7 7. Nge2 Be7
8. Be3 O-O 9. O-O c5 10. d5 Ne5 11. Nf4 Nxd3 12. Qxd3 exd5 13. exd5 a6 14. a4
Nd7 15. Ne4 Ne5 16. Qc2 f5 17. Ne6 Qe8 18. Nxf8 Qxf8 19. Ng5 Bxg5 20. Bxg5 Qf7
21. Rfe1 h6 22. Bf4 Re8 23. Bxe5 dxe5 24. Re2 Qh5 25. Rae1 f4 26. Qc3 Qh4 27.
Rxe5 Rxe5 28. Qxe5 Bc8 29. Re4 g5 30. Qe8+ Kh7 31. Re7# 1-0

[Event "Grand Rapids (MI Am/4/3)"]
[Site "?"]
[Date "1995.??.??"]
[Round "?"]
[White "Brown, Dan"]
[Black "Jendras, Gerard"]
[Result "0-1"]
[WhiteElo "1845"]
[BlackElo "1895"]
[PlyCount "66"]
[EventDate "1995.??.??"]

{4/(3)} 1. d4 Nf6 2. c4 c5 3. d5 e5 4. Nc3 d6 5. e4 Be7 6. Bd3 O-O 7. Nge2 Nbd7
8. O-O Ne8 9. f4 exf4 10. Bxf4 Ne5 11. h3 Bf6 12. Ng3 g6 13. Bh6 Ng7 14. Qd2
Nxd3 15. Qxd3 Bg5 16. Bxg5 Qxg5 17. Rae1 Bd7 18. b3 Rae8 19. Qf3 f5 20. Qf4 Qf6
21. Qd2 Qe5 22. Rf3 f4 23. Nge2 g5 24. Ref1 Nh5 25. Qc1 Rf7 26. Kf2 g4 27. hxg4
Bxg4 28. Rd3 Bxe2 29. Nxe2 Qxe4 30. Qd2 f3 31. Rxf3 Rxf3+ 32. gxf3 Qh4+ 33. Kg2
Rxe2+ 0-1

[Event "Ann Arbor (MLS Jul/4/5)"]
[Site "?"]
[Date "1995.??.??"]
[Round "?"]
[White "Brotherton, D."]
[Black "Solon, Nathan"]
[Result "0-1"]
[WhiteElo "1605"]
[BlackElo "1605"]
[PlyCount "60"]
[EventDate "1995.??.??"]

{4/(5)} 1. d4 Nf6 2. Nf3 d5 3. Bf4 c5 4. c3 Nc6 5. dxc5 Bf5 6. b4 g6 7. g3 Bg7
8. Nbd2 Ne4 9. Nxe4 Bxe4 10. Rc1 a5 11. Qd2 h6 12. b5 Nb8 13. Bg2 Nd7 14. c6
bxc6 15. bxc6 Nb6 16. Qb2 Nc4 17. Qb5 O-O 18. O-O e5 19. Nxe5 Bxg2 20. Nxc4
Bxf1 21. Nb6 Bxe2 22. Qc5 Bg4 23. Nxa8 Qxa8 24. Qxd5 Rc8 25. f3 Be6 26. Qb5
Qxc6 27. Qxa5 Qxf3 28. Qb5 Bh3 29. Qb2 Bxc3 30. Qc2 Bd4+ 0-1

[Event "Troy (TCC/5/2)"]
[Site "?"]
[Date "1995.??.??"]
[Round "?"]
[White "Brooks, John"]
[Black "Tsemekhman, Vadim"]
[Result "0-1"]
[WhiteElo "2185"]
[BlackElo "2470"]
[PlyCount "98"]
[EventDate "1995.??.??"]

{5/(2)} 1. d4 Nf6 2. c4 g6 3. Nf3 Bg7 4. g3 c5 5. d5 O-O 6. Bg2 e6 7. Nc3 exd5
8. cxd5 d6 9. O-O Bg4 10. h3 Bxf3 11. exf3 Qd7 12. Qd3 Na6 13. Bg5 Nc7 14. a4
Na6 15. g4 Nb4 16. Qd2 a6 17. a5 Rae8 18. Rfd1 Qc7 19. Bf1 Nd7 20. Rdc1 f5 21.
Kg2 Ne5 22. f4 Nf7 23. Bh4 fxg4 24. hxg4 Qd7 25. f3 g5 26. fxg5 Ne5 27. Be2
Nbd3 28. Bg3 Nxc1 29. Rxc1 Ng6 30. Ne4 Be5 31. Bxe5 Rxe5 32. Kg3 Rxe4 33. fxe4
Qe7 34. Qe3 Qe5+ 35. Kg2 Nf4+ 36. Kh1 Qxg5 37. Rc3 Qh4+ 38. Kg1 Nxe2+ 39. Qxe2
Rf4 40. Kg2 Rxg4+ 41. Qxg4+ Qxg4+ 42. Rg3 Qxg3+ 43. Kxg3 Kf7 44. Kf4 Kf6 45.
e5+ dxe5+ 46. Ke4 h5 47. d6 h4 48. Kd5 h3 49. Kxc5 Ke6 0-1

[Event "Eastpointe (MCO/1/3)"]
[Site "?"]
[Date "1995.??.??"]
[Round "?"]
[White "Brooks, John"]
[Black "Stemmler, Daniel"]
[Result "1-0"]
[WhiteElo "2200"]
[BlackElo "1670"]
[PlyCount "49"]
[EventDate "1995.??.??"]

{1/(3)} 1. e4 Nc6 2. Nf3 g6 3. d4 Bg7 4. Bc4 d6 5. c3 Bg4 6. Bxf7+ Kxf7 7. Ng5+
Ke8 8. Qxg4 Nf6 9. Qe6 Rf8 10. Qb3 Qc8 11. Ne6 Rf7 12. e5 dxe5 13. d5 Nd8 14.
O-O Nxe6 15. dxe6 Rf8 16. Nd2 c5 17. Nf3 Nh5 18. Ng5 a6 19. Nxh7 Rg8 20. Rd1
Nf4 21. Bxf4 exf4 22. Rd7 b5 23. Qd5 Rh8 24. Rd8+ Qxd8 25. Qc6+ 1-0

[Event "East Lansing (MEX/1/11)"]
[Site "?"]
[Date "1995.??.??"]
[Round "?"]
[White "Brooks, John"]
[Black "Moody, David"]
[Result "1-0"]
[WhiteElo "2195"]
[BlackElo "2000"]
[PlyCount "79"]
[EventDate "1995.??.??"]

{1/(11)} 1. e4 e5 2. Nf3 Nc6 3. d4 exd4 4. Nxd4 Nf6 5. Nxc6 bxc6 6. Bd3 Bc5 7.
Bg5 Qe7 8. O-O Qe5 9. Bxf6 Qxf6 10. e5 Qh4 11. Nd2 O-O 12. Kh1 d5 13. f4 f6 14.
Nb3 Be3 15. Qf3 Bb6 16. c4 fxe5 17. c5 Rxf4 18. Qe2 e4 19. Rxf4 Qxf4 20. Rf1
Qg5 21. Qf2 Qe7 22. Be2 Bd7 23. Qd4 Rf8 24. Rxf8+ Qxf8 25. a4 Qf6 26. Qxf6 gxf6
27. a5 Bxa5 28. Nxa5 Kf7 29. Kg1 Ke6 30. Ba6 Ke5 31. Kf2 d4 32. Bc4 Kf4 33. g3+
Kg4 34. Be2+ Kh3 35. Kg1 h5 36. Bxh5 d3 37. Nc4 a5 38. Ne3 d2 39. Ng2 d1=B 40.
Bxd1 1-0

[Event "Eastpointe (MCO/3/3)"]
[Site "?"]
[Date "1995.??.??"]
[Round "?"]
[White "Brooks, John"]
[Black "Kende, M."]
[Result "1/2-1/2"]
[WhiteElo "2200"]
[BlackElo "2040"]
[PlyCount "89"]
[EventDate "1995.??.??"]

{3/(3)} 1. e4 c5 2. Nf3 Nc6 3. d4 cxd4 4. Nxd4 g6 5. c4 Bg7 6. Nb3 d6 7. Be2
Nf6 8. Nc3 O-O 9. O-O Be6 10. f4 Na5 11. Nxa5 Qxa5 12. Qd3 Rac8 13. Nd5 Nxd5
14. cxd5 Bd7 15. a3 b5 16. Kh1 a6 17. Bd2 Qb6 18. Be3 Qb7 19. Bd4 Bxd4 20. Qxd4
Qc7 21. b4 a5 22. bxa5 Qxa5 23. Rfb1 Rc2 24. Bf1 Rfc8 25. h3 Rd2 26. Qb4 Qxb4
27. Rxb4 Rcc2 28. Rb3 Rf2 29. Rf3 Rfd2 30. Kg1 Kf8 31. Rb1 e6 32. dxe6 fxe6 33.
Rg3 Bc6 34. e5 dxe5 35. fxe5 Rc5 36. Re3 Rdd5 37. Rbe1 Rd2 38. h4 Rd4 39. g3
Rd2 40. Bh3 Rcc2 41. Bf1 Rh2 42. R1e2 Rh1+ 43. Kf2 Rc1 44. Re1 Rh2+ 45. Kg1
1/2-1/2

[Event "Troy (TCC/1/5)"]
[Site "?"]
[Date "1995.??.??"]
[Round "?"]
[White "Brooks, John"]
[Black "Jendras, Gerard"]
[Result "1-0"]
[WhiteElo "2185"]
[BlackElo "1945"]
[PlyCount "109"]
[EventDate "1995.??.??"]

{1/(5)} 1. e4 e5 2. Nf3 Nc6 3. d4 exd4 4. Nxd4 Bc5 5. Nb3 Bb6 6. c4 Qh4 7. Qe2
d6 8. g3 Qf6 9. Nc3 Nge7 10. Be3 Bxe3 11. Qxe3 O-O 12. Be2 Re8 13. Qd2 Be6 14.
f4 a6 15. h4 Nc8 16. f5 Bd7 17. O-O-O Ne5 18. g4 c6 19. g5 Qd8 20. f6 b5 21. c5
b4 22. Na4 Bg4 23. cxd6 Bxe2 24. Qxe2 Nxd6 25. Nac5 Qc7 26. Rd4 a5 27. Kb1 a4
28. Nd2 Nb5 29. Rxb4 Qd6 30. Rc1 Rec8 31. a3 Rd8 32. Nf3 Rab8 33. Nxe5 Qxe5 34.
Nxa4 Nd4 35. Qd3 Rxb4 36. axb4 Ne6 37. Qc4 Nd4 38. Nc3 gxf6 39. gxf6 Qxf6 40.
Rg1+ Kf8 41. Rf1 Nf3 42. Qc5+ Kg7 43. Rf2 Qxh4 44. Rxf3 Qh1+ 45. Kc2 Qxf3 46.
Qg5+ Kf8 47. Qxd8+ Kg7 48. Qg5+ Kf8 49. Qh6+ Kg8 50. Kb3 Qg3 51. Kc4 Qc7 52.
Qg5+ Kf8 53. e5 Qb6 54. Ne4 Qb5+ 55. Kc3 1-0

[Event "Troy (TCC/3/2)"]
[Site "?"]
[Date "1995.??.??"]
[Round "?"]
[White "Brooks, John"]
[Black "Hahn, David"]
[Result "1-0"]
[WhiteElo "2185"]
[BlackElo "2240"]
[PlyCount "75"]
[EventDate "1995.??.??"]

{3/(2)} 1. e4 d6 2. d4 Nf6 3. Bd3 e5 4. Ne2 Nc6 5. d5 Nb4 6. Ng3 g6 7. Be2 Bg7
8. a3 Na6 9. b4 c6 10. c4 cxd5 11. cxd5 h5 12. h4 Ng4 13. Nd2 Bf6 14. Nf3 Be7
15. Bb5+ Kf8 16. Bd3 Qb6 17. Qe2 Bd7 18. Bd2 Rc8 19. Rb1 Kg7 20. O-O Rcf8 21.
Ng5 Bxg5 22. Bxg5 f6 23. Bd2 f5 24. exf5 gxf5 25. Bg5 e4 26. Qb2+ Ne5 27. Be2
Kg6 28. Qd2 Rf7 29. Kh1 Ng4 30. f3 e3 31. Qb2 Nf6 32. Bd3 Rc8 33. Rbc1 Nc5 34.
Bb1 Na4 35. Qb3 Nc5 36. Qd1 Ba4 37. Bxf5+ Kg7 38. Qd4 1-0

[Event "Eastpointe (MCO/5/2)"]
[Site "?"]
[Date "1995.??.??"]
[Round "?"]
[White "Brooks, John"]
[Black "Everett, Morgan"]
[Result "0-1"]
[WhiteElo "2200"]
[BlackElo "2140"]
[PlyCount "139"]
[EventDate "1995.??.??"]

{5/(2)} 1. e4 e5 2. Nf3 Nc6 3. d4 exd4 4. Bc4 Nf6 5. e5 d5 6. Bb5 Ne4 7. Nxd4
Bc5 8. O-O Bd7 9. Bxc6 bxc6 10. Be3 Qe7 11. Re1 O-O 12. f3 Ng5 13. h4 Ne6 14.
Nxe6 Bxe6 15. Bd4 Bb6 16. g3 c5 17. Bf2 g5 18. h5 f6 19. Nc3 c6 20. exf6 Qxf6
21. Na4 d4 22. b4 Bd5 23. bxc5 Ba5 24. Bxd4 Qxf3 25. Qxf3 Rxf3 26. Re3 Raf8 27.
Rb1 Rf2 28. c4 Rg2+ 29. Kh1 Rb2+ 30. cxd5 Rxb1+ 31. Kg2 Rb4 32. Ba1 Rxa4 33. a3
Bd8 34. dxc6 Bf6 35. Bxf6 Rxf6 36. c7 Rf8 37. h6 Ra6 38. Re5 Rxh6 39. Rxg5+ Kh8
40. Rf5 Rc8 41. Rf7 Rc6 42. Rd7 R6xc7 43. Rd6 Rxc5 44. Ra6 R8c7 45. Kh3 Kg7 46.
Kh4 R5c6 47. Ra5 Rc4+ 48. g4 Kg6 49. Rg5+ Kf6 50. Rf5+ Ke6 51. Rh5 R4c5 52.
Rh6+ Ke5 53. g5 Rc4+ 54. Kh5 Kf5 55. Rf6+ Ke5 56. Ra6 Rf7 57. Ra5+ Kd4 58. Ra6
Kc3 59. Re6 Rff4 60. Kh6 Rc7 61. Re3+ Kb2 62. Re2+ Kxa3 63. Re3+ Kb2 64. Re2+
Kc1 65. Re1+ Kd2 66. Rh1 a5 67. Rh2+ Kc3 68. Rh1 Rfc4 69. Rh3+ Kd2 70. Rh1 0-1

[Event "East Lansing (MEX/3/8)"]
[Site "?"]
[Date "1995.??.??"]
[Round "?"]
[White "Brooks, John"]
[Black "Dangremond, Leonard"]
[Result "1/2-1/2"]
[WhiteElo "2195"]
[BlackElo "2000"]
[PlyCount "115"]
[EventDate "1995.??.??"]

{3/(8)} 1. e4 e5 2. Nf3 Nc6 3. d4 exd4 4. Nxd4 Bc5 5. Nb3 Bb6 6. c4 d6 7. Be2
Qh4 8. O-O Nf6 9. Nc3 Ne5 10. Qc2 Nfg4 11. Bxg4 Nxg4 12. Bf4 Be6 13. Nd5 O-O
14. Nxb6 axb6 15. Nd4 Ra5 16. Nb5 Nf6 17. g3 Qh5 18. Nxc7 Bh3 19. Qd1 Bxf1 20.
Qxf1 Qc5 21. Nd5 Nxd5 22. cxd5 Rd8 23. a3 Qc2 24. b4 Raa8 25. Qe1 Qb3 26. Qe3
Qxe3 27. Bxe3 b5 28. g4 Kf8 29. Kf1 Rdc8 30. e5 dxe5 31. Bc5+ Kg8 32. Be7 f6
33. d6 Kf7 34. d7 Kxe7 35. dxc8=Q Rxc8 36. Rd1 Ke6 37. Rd3 g6 38. Rh3 Rc7 39.
Rd3 f5 40. gxf5+ gxf5 41. Ke2 e4 42. Rd8 Rc2+ 43. Ke1 Rc3 44. Rb8 Rxa3 45. Rxb7
Rh3 46. Rxb5 Rxh2 47. Kf1 f4 48. Kg1 Rh3 49. Rb8 Rb3 50. b5 f3 51. b6 Rb1+ 52.
Kh2 Kd7 53. Kg3 h5 54. Kf4 Rb4 55. Rh8 Rxb6 56. Rh7+ Ke8 57. Rxh5 Rb2 58. Re5+
1/2-1/2